| 000 | 00521nam a2200193Ia 4500 | ||
|---|---|---|---|
| 003 | GCL | ||
| 008 | 140319s9999 xx 000 0 eng d | ||
| 040 |
_aGCL / _cGCL |
||
| 082 | 0 | 4 |
_a612.44 _bW D |
| 100 | 1 | _aWHEELER, MALCOLM H. | |
| 245 | 1 | 0 |
_aPISEASES OF THE THYROID: PATHOPHYSIOLOGY AND MANAGEMENT / _cWHEELER, MALCOLM H. |
| 700 | 1 | _aLAZARUS, HOHN H | |
| 260 |
_a[S.N] : _bCHAPMAN & HALL ، _c1994 |
||
| 300 | _a432 P | ||
| 650 | 0 | 4 | _aMEDICINE |
| 650 | 0 | 4 | _aSIDEAES |
| 650 | 0 | 4 | _aTHYROID GLAND |
| 942 |
_2ddc _cBK |
||
| 999 |
_c16702 _d16702 |
||